<?xml version="1.0" encoding="UTF-8"?>
<collection xmlns="http://www.loc.gov/MARC21/slim">
 <record>
  <leader>01309aam a22002058a 4500</leader>
  <controlfield tag="001">NCT_130820</controlfield>
  <controlfield tag="008">151017s2017                  ||||||viesd</controlfield>
  <datafield tag="999" ind1=" " ind2=" ">
   <subfield code="c">6718</subfield>
   <subfield code="d">6718</subfield>
  </datafield>
  <datafield tag="022" ind1=" " ind2=" ">
   <subfield code="a">2354-0567</subfield>
  </datafield>
  <datafield tag="082" ind1="0" ind2="4">
   <subfield code="2">23rd ed.</subfield>
   <subfield code="a">370</subfield>
   <subfield code="b">T109C</subfield>
  </datafield>
  <datafield tag="245" ind1="0" ind2="0">
   <subfield code="a">Tạp chí khoa học và đào tạo </subfield>
   <subfield code="b">= Journal of science and education</subfield>
   <subfield code="c">Trường đại học Công nghệ Sài gòn</subfield>
   <subfield code="n">Số 02</subfield>
  </datafield>
  <datafield tag="260" ind1=" " ind2=" ">
   <subfield code="a">Tp. Hồ Chí Minh</subfield>
   <subfield code="b">Trường đại học Công nghệ Sài gòn</subfield>
   <subfield code="c">2021</subfield>
  </datafield>
  <datafield tag="300" ind1=" " ind2=" ">
   <subfield code="c">29cm</subfield>
  </datafield>
  <datafield tag="321" ind1=" " ind2=" ">
   <subfield code="a">2 kỳ 1 năm</subfield>
  </datafield>
  <datafield tag="362" ind1=" " ind2=" ">
   <subfield code="a">04/2021</subfield>
  </datafield>
  <datafield tag="520" ind1="3" ind2=" ">
   <subfield code="a">Số này trình bày các công trình nghiên cứu được gởi đến từ các nhà khoa học, giảng viên, nhà quản lý có uy tín trên cả nước: phân lập và khảo sát khả năng kháng khuẩn của các vi khuẩn Lactic trong 1 số sản phẩm lên men truyền thống; nghiên cứu quá trình trích ly Polyphenol từ vỏ dưa hấu bằng phương pháp trích ly có hỗ trợ Pectinase;...</subfield>
  </datafield>
  <datafield tag="655" ind1=" " ind2=" ">
   <subfield code="a">Tạp chí</subfield>
  </datafield>
  <datafield tag="942" ind1=" " ind2=" ">
   <subfield code="2">ddc</subfield>
   <subfield code="c">CR</subfield>
  </datafield>
  <datafield tag="952" ind1=" " ind2=" ">
   <subfield code="0">0</subfield>
   <subfield code="1">0</subfield>
   <subfield code="2">ddc</subfield>
   <subfield code="4">0</subfield>
   <subfield code="6">370_000000000000000_T109C</subfield>
   <subfield code="7">0</subfield>
   <subfield code="9">24597</subfield>
   <subfield code="a">000001</subfield>
   <subfield code="b">000001</subfield>
   <subfield code="d">2022-05-31</subfield>
   <subfield code="o">370 T109C</subfield>
   <subfield code="r">2022-05-31</subfield>
   <subfield code="w">2022-05-31</subfield>
   <subfield code="y">CR</subfield>
  </datafield>
  <datafield tag="980" ind1=" " ind2=" ">
   <subfield code="a">Thư viện Trường Đại học Nam Cần Thơ</subfield>
  </datafield>
 </record>
</collection>
